<?xml version="1.0" encoding="UTF-8"?>
<record
    xmlns:xsi="http://www.w3.org/2001/XMLSchema-instance"
    xsi:schemaLocation="http://www.loc.gov/MARC21/slim http://www.loc.gov/standards/marcxml/schema/MARC21slim.xsd"
    xmlns="http://www.loc.gov/MARC21/slim">

  <leader>01889nam a22001697a 4500</leader>
  <controlfield tag="008">190903b        xxu||||| |||| 00| 0 eng d</controlfield>
  <datafield tag="020" ind1=" " ind2=" ">
    <subfield code="a">421154705</subfield>
  </datafield>
  <datafield tag="050" ind1=" " ind2=" ">
    <subfield code="a">KD3930.P45(5e)</subfield>
  </datafield>
  <datafield tag="100" ind1=" " ind2=" ">
    <subfield code="a">Phillips. O. Hood.</subfield>
  </datafield>
  <datafield tag="245" ind1=" " ind2=" ">
    <subfield code="a">Constitutional and administrative law. /</subfield>
    <subfield code="c">O. Hood Phillips.</subfield>
  </datafield>
  <datafield tag="250" ind1=" " ind2=" ">
    <subfield code="a">5th ed.</subfield>
  </datafield>
  <datafield tag="260" ind1=" " ind2=" ">
    <subfield code="a">London :</subfield>
    <subfield code="b">Sweet and Maxwell,</subfield>
    <subfield code="c">1973.</subfield>
  </datafield>
  <datafield tag="300" ind1=" " ind2=" ">
    <subfield code="a">xlvi, 669 p. :</subfield>
    <subfield code="c">23 cm.</subfield>
  </datafield>
  <datafield tag="500" ind1=" " ind2=" ">
    <subfield code="a">Includes index.</subfield>
  </datafield>
  <datafield tag="505" ind1=" " ind2=" ">
    <subfield code="a">Contents: Part I: Introduction: The nature of constitutional and administrative law -- General characteristics of the British Constitution -- The legislative supremacy of parliament -- Can parliament bind its successors? -- Constitutional conventions -- Part II: Parliament: The High Court of Parliament -- The House of Lords -- The House of Commons -- Parliament procedure -- National finance and scrutiny of the administration -- Parliamentary privilege -- Part III: The Crown and the Central Government: The Monarchy -- The royal prerogative -- The privy council -- The cabinet and the prime minister -- Central government departments and civil service -- The Armed Forces -- Emergency powers of the executive -- Part IV: Justice and police : The administration of justice -- The police -- Part V: Rights and duties of the individual: Nationality, Immigration and extradition --  Offences against the state -- Freedom of person and property -- Freedom of speech -- Freedom of assembly and association -- Part VI: Administrative law: Local government -- Public corporations -- Delighted legislation -- Administrative jurisdiction -- Judicial control of public authorities: I. liability -- Judicial control of public authorities: II. remedies -- Crown Proceedings -- Part VII: The Common wealth: The United Kingdom and Commonwealth -- British colonies -- Independence within the Commonwealth -- Appeals to the privy Council. </subfield>
  </datafield>
  <datafield tag="942" ind1=" " ind2=" ">
    <subfield code="2">lcc</subfield>
    <subfield code="c">BK</subfield>
  </datafield>
  <datafield tag="999" ind1=" " ind2=" ">
    <subfield code="c">6935</subfield>
    <subfield code="d">14435</subfield>
  </datafield>
  <datafield tag="952" ind1=" " ind2=" ">
    <subfield code="0">0</subfield>
    <subfield code="1">0</subfield>
    <subfield code="2">lcc</subfield>
    <subfield code="4">0</subfield>
    <subfield code="7">0</subfield>
    <subfield code="a">WIUC-1</subfield>
    <subfield code="b">WIUC-1</subfield>
    <subfield code="c">LL</subfield>
    <subfield code="d">2019-09-03</subfield>
    <subfield code="l">0</subfield>
    <subfield code="o">KD3930.P45(5e)</subfield>
    <subfield code="p">2691/041/19</subfield>
    <subfield code="r">2019-09-03 00:00:00</subfield>
    <subfield code="w">2019-09-03</subfield>
    <subfield code="y">BK</subfield>
  </datafield>
</record>
